[Event "Titled Tuesday intern op1 4th Febr"]
[Site "Chess.com INT"]
[Date "2020.02.04"]
[Round "5"]
[White "Belous, Vladimir"]
[Black "Moura, Yago Santiago"]
[Result "1-0"]
[WhiteElo "2535"]
[BlackElo "2074"]
[PlyCount "93"]
[EventDate "2020.02.04"]
[EventType "swiss (blitz)"]
[EventRounds "10"]
[EventCountry "USA"]
[SourceTitle "EXT 2021"]
[Source "ChessBase"]
[SourceDate "2020.10.23"]
[SourceVersion "1"]
[SourceVersionDate "2020.10.23"]
[SourceQuality "1"]

1. c4 e6 2. Nf3 d5 3. g3 Nf6 4. Bg2 g6 5. 0-0 Bg7 6. d4 0-0 7. Nc3 c6 8. b3 Nbd7 9. Bb2 b6 10. Rc1 Bb7 11. cxd5 exd5 12. e3 Re8 13. b4 Nf8 14. b5 cxb5 15. Nxb5 Ba6 16. Qa4 Bxb5 17. Qxb5 Ne4 18. Rc2 a6 19. Qb3 b5 20. Nd2 Rc8 21. Nxe4 Rxc2 22. Qxc2 dxe4 23. Bxe4 Qa5 24. a3 b4 25. axb4 Qxb4 26. Bg2 a5 27. Ra1 Rb8 28. Bc3 Qc4 29. Bf1 Qc6 30. Rxa5 Rc8 31. Ra3 Ne6 32. Bg2 Qd6 33. Ra8 Rxa8 34. Bxa8 h5 35. h4 Bf6 36. Bf3 Ng7 37. Be4 Qe7 38. Ba5 Qa3 39. Qc3 Qa4 40. Kg2 Qd1 41. Qc8+ Kh7 42. Qd7 Kg8 43. Bd5 Kh7 44. Qxf7 Bxh4 45. Qg8+ Kh6 46. Qh8+ Kg5 47. Bd8+ 1-0

[Event "Titled Tuesday intern op1 4th Febr"]
[Site "Chess.com INT"]
[Date "2020.02.04"]
[Round "1"]
[White "Kollars, Dmitrij"]
[Black "Moura, Yago Santiago"]
[Result "0-1"]
[WhiteElo "2593"]
[BlackElo "2074"]
[PlyCount "284"]
[EventDate "2020.02.04"]
[EventType "swiss (blitz)"]
[EventRounds "10"]
[EventCountry "USA"]
[SourceTitle "EXT 2021"]
[Source "ChessBase"]
[SourceDate "2020.10.23"]
[SourceVersion "1"]
[SourceVersionDate "2020.10.23"]
[SourceQuality "1"]

1. e4 e6 2. d4 d5 3. Nd2 Nc6 4. Ngf3 Nf6 5. e5 Nd7 6. Nb3 a5 7. a4 Be7 8. c3 f6 9. Bd3 fxe5 10. dxe5 Ndxe5 11. Nxe5 Nxe5 12. Qh5+ Nf7 13. 0-0 g6 14. Qe2 0-0 15. f4 Nd6 16. Be3 b6 17. Bd4 c5 18. Be5 c4 19. Nd4 cxd3 20. Qxd3 Ba6 21. Nb5 Bxb5 22. axb5 Qd7 23. Rae1 Qxb5 24. Qh3 Nf5 25. g4 Bc5+ 26. Kh1 Ne7 27. Qh6 Rf7 28. f5 Qc6 29. h4 exf5 30. gxf5 d4+ 31. Kh2 Bd6 32. fxg6 Bxe5+ 33. Rxe5 Qxg6 34. Rg1 Rf2+ 35. Kh1 Rf1 36. Reg5 Raf8 37. h5 Rxg1+ 38. Rxg1 Qxg1+ 39. Kxg1 dxc3 40. bxc3 Rf5 41. Qe6+ Kf8 42. h6 Rg5+ 43. Kf2 Rg6 44. Qe3 Kf7 45. c4 Rf6+ 46. Kg2 Nf5 47. Qe5 Nxh6 48. Qc7+ Kg6 49. Qg3+ Kf7 50. Qc7+ Kg8 51. Qd8+ Kg7 52. Qd4 Nf7 53. Kg3 h6 54. Kg4 Kg6 55. Qe4+ Kg7 56. Qd4 Ng5 57. Kh5 Nf7 58. Qb2 Nd8 59. Qg2+ Kh7 60. Qe4+ Kg7 61. Qg2+ Kh7 62. Qb2 Rd6 63. Qc2+ Kg7 64. Qg2+ Kh7 65. Qe4+ Kg7 66. Qe5+ Rf6 67. Qg3+ Kh7 68. Qc3 Kg7 69. Qg3+ Kh7 70. Qe5 Kg7 71. c5 bxc5 72. Qxc5 Nf7 73. Qxa5 Nd6 74. Qa1 Nf7 75. Qg1+ Kh7 76. Qd4 Kg7 77. Qc3 Nd6 78. Qg3+ Kh7 79. Qd3+ Kg7 80. Qc2 Nf7 81. Qc7 Rf5+ 82. Kg4 Rf6 83. Qe7 Rg6+ 84. Kh5 Rf6 85. Qa7 Rf5+ 86. Kg4 Rf6 87. Kh4 Rf4+ 88. Kg3 Rf6 89. Qa1 Nd6 90. Kh3 Nf7 91. Qd4 Ng5+ 92. Kg4 Nf7 93. Qc3 Nd6 94. Qc7+ Nf7 95. Qb7 Rg6+ 96. Kf3 Rf6+ 97. Ke4 Re6+ 98. Kd5 Rf6 99. Qb2 Nd6 100. Qa1 Nf7 101. Qb1 Rg6 102. Qb2+ Rf6 103. Qa1 Kg6 104. Qg1+ Ng5 105. Qg4 Rf5+ 106. Kc6 h5 107. Qg3 Rf3 108. Qe1 Rf4 109. Qb1+ Re4 110. Kd5 h4 111. Qd1 h3 112. Qh1 Kf5 113. Qf1+ Kg4 114. Qd1+ Kf4 115. Qc1+ Kg4 116. Qc8+ Kg3 117. Qc3+ Kf4 118. Qf6+ Kg4 119. Qh6 Rf4 120. Qh8 Rf2 121. Qc8+ Kg3 122. Qg8 Rf5+ 123. Kd4 h2 124. Qb8+ Kg2 125. Qb2+ Rf2 126. Qb7+ Nf3+ 127. Ke3 h1Q 128. Qg7+ Kf1 129. Qa1+ Ne1 130. Qa6+ Kg1 131. Qg6+ Qg2 132. Qb6 Qf3+ 133. Kd4 Qd3+ 134. Ke5 Kg2 135. Ke6 Re2+ 136. Kf7 Qf3+ 137. Kg6 Re4 138. Qb2+ Kh3 139. Qh8+ Rh4 140. Qb2 Rg4+ 141. Kh5 Qf5+ 142. Kh6 Qg6# 0-1

[Event "Titled Tuesday intern op1 4th Febr"]
[Site "Chess.com INT"]
[Date "2020.02.04"]
[Round "9"]
[White "Moura, Yago Santiago"]
[Black "Aitbayev, Aslan"]
[Result "0-1"]
[WhiteElo "2074"]
[BlackElo "2454"]
[PlyCount "102"]
[EventDate "2020.02.04"]
[EventType "swiss (blitz)"]
[EventRounds "10"]
[EventCountry "USA"]
[SourceTitle "EXT 2021"]
[Source "ChessBase"]
[SourceDate "2020.10.23"]
[SourceVersion "1"]
[SourceVersionDate "2020.10.23"]
[SourceQuality "1"]

1. d4 d5 2. Nc3 e6 3. Bf4 Bb4 4. e3 Nf6 5. Bd3 c5 6. dxc5 Nbd7 7. Nge2 0-0 8. a3 Bxc5 9. 0-0 a6 10. e4 d4 11. Nb1 e5 12. Bg3 b5 13. Nd2 Bb7 14. Kh1 Qe7 15. Bh4 h6 16. Ng3 g6 17. f4 exf4 18. Rxf4 Bd6 19. Rf1 Bxg3 20. Bxg3 Nxe4 21. Nxe4 Bxe4 22. Re1 f5 23. Bxe4 fxe4 24. Qxd4 Rfe8 25. Rad1 Nf6 26. Qe3 Kh7 27. Rd6 Ng4 28. Qf4 h5 29. h3 Rf8 30. Qd2 e3 31. Rd7 exd2 32. Rexe7+ Kh6 33. hxg4 Rf1+ 34. Kh2 d1Q 35. Bf4+ Rxf4 36. Rxd1 Rxg4 37. Rc7 Re8 38. Rd2 Re6 39. Rf2 Rge4 40. Rff7 Re2 41. Rh7+ Kg5 42. Rc5+ R6e5 43. Rhc7 Rxc5 44. Rxc5+ Kf4 45. Rc6 g5 46. Rf6+ Kg4 47. Rc6 h4 48. Rc3 Kf4 49. Kg1 g4 50. Rc6 g3 51. Rc3 Re1# 0-1

[Event "Titled Tuesday intern op 4th Febr"]
[Site "Chess.com INT"]
[Date "2020.02.04"]
[Round "8"]
[White "Moura, Yago Santiago"]
[Black "Bosnjak, Petar"]
[Result "0-1"]
[WhiteElo "2074"]
[BlackElo "2308"]
[PlyCount "116"]
[EventDate "2020.02.04"]
[EventType "swiss (blitz)"]
[EventRounds "10"]
[EventCountry "USA"]
[SourceTitle "EXT 2021"]
[Source "ChessBase"]
[SourceDate "2020.10.23"]
[SourceVersion "1"]
[SourceVersionDate "2020.10.23"]
[SourceQuality "1"]

1. e4 c6 2. d4 d5 3. e5 Bf5 4. h4 h5 5. c4 e6 6. Nc3 Ne7 7. Bg5 Qb6 8. Qd2 dxc4 9. Bxc4 Nd5 10. Nge2 Nd7 11. Ng3 Bg6 12. 0-0 Be7 13. Nce4 Bxg5 14. Nd6+ Kf8 15. hxg5 h4 16. Bxd5 hxg3 17. Bxe6 fxe6 18. fxg3+ Kg8 19. Rf4 Nxe5 20. Qe2 Qd8 21. Qxe5 Qe7 22. Re1 Rh5 23. Qxe6+ Qxe6 24. Rxe6 Rxg5 25. Kf2 Rd8 26. b3 Rd7 27. g4 Rd5 28. Rxg6 R7xd6 29. Rxd6 Rxd6 30. Ke3 Re6+ 31. Re4 Kf7 32. Rxe6 Kxe6 33. Ke4 a5 34. a4 g5 35. Ke3 Kd6 36. Kd2 Kd5 37. Kd3 b6 38. Ke3 c5 39. dxc5 Kxc5 40. Ke4 Kb4 41. Kf5 Kxb3 42. Kxg5 Kxa4 43. Kf4 b5 44. g5 b4 45. g6 b3 46. g7 b2 47. g8Q b1Q 48. Qe8+ Qb5 49. Qe4+ Kb3 50. g4 a4 51. g5 a3 52. g6 a2 53. g7 Qb8+ 54. Kf5 a1Q 55. Qd5+ Kc2 56. g8Q Qf1+ 57. Kg6 Qg3+ 58. Kh6 Qfh3+ 0-1

[Event "Titled Tuesday intern op 4th Febr"]
[Site "Chess.com INT"]
[Date "2020.02.04"]
[Round "1"]
[White "Moura, Yago Santiago"]
[Black "Perez Ponsa, Federico"]
[Result "0-1"]
[WhiteElo "2074"]
[BlackElo "2559"]
[PlyCount "102"]
[EventDate "2020.02.04"]
[EventType "swiss (blitz)"]
[EventRounds "10"]
[EventCountry "USA"]
[SourceTitle "EXT 2021"]
[Source "ChessBase"]
[SourceDate "2020.10.23"]
[SourceVersion "1"]
[SourceVersionDate "2020.10.23"]
[SourceQuality "1"]

1. d4 Nf6 2. Nc3 g6 3. e4 d6 4. Bg5 Bg7 5. Qd2 0-0 6. f4 c6 7. Bd3 b5 8. Nf3 Bg4 9. a4 b4 10. Ne2 c5 11. e5 c4 12. Bxc4 Ne4 13. Qe3 d5 14. Bd3 Nxg5 15. Nxg5 Nc6 16. 0-0 Qb6 17. Nf3 f6 18. Kh1 Bxf3 19. Rxf3 fxe5 20. fxe5 Rxf3 21. Qxf3 e6 22. Qg4 Re8 23. h4 Ne7 24. h5 Rf8 25. hxg6 hxg6 26. a5 Qc6 27. Nf4 Nf5 28. Nxg6 Rf7 29. Rf1 Ne3 30. Rxf7 Nxg4 31. Ne7+ Kxf7 32. Nxc6 b3 33. cxb3 Nf2+ 34. Kg1 Nxd3 35. Nxa7 Bh6 36. Nb5 Nb4 37. Kf1 Ke7 38. Ke2 Kd7 39. g4 Kc6 40. Na7+ Kb7 41. Nb5 Nc6 42. Kd3 Nxa5 43. Nd6+ Kc7 44. b4 Nc4 45. b3 Nxd6 46. exd6+ Kxd6 47. b5 Kc7 48. Kc3 Kb6 49. Kb4 Bg5 50. Ka4 Be7 51. b4 Bg5 0-1

[Event "Titled Tuesday intern op1 4th Febr"]
[Site "Chess.com INT"]
[Date "2020.02.04"]
[Round "3"]
[White "Moura, Yago Santiago"]
[Black "Remizov, Yaroslav"]
[Result "1-0"]
[WhiteElo "2074"]
[BlackElo "2408"]
[PlyCount "151"]
[EventDate "2020.02.04"]
[EventType "swiss (blitz)"]
[EventRounds "10"]
[EventCountry "USA"]
[SourceTitle "EXT 2021"]
[Source "ChessBase"]
[SourceDate "2020.10.23"]
[SourceVersion "1"]
[SourceVersionDate "2020.10.23"]
[SourceQuality "1"]

1. d4 d5 2. c4 e6 3. Nf3 Nf6 4. Nc3 c6 5. e3 Nbd7 6. Bd3 dxc4 7. Bxc4 b5 8. Bb3 Bb7 9. 0-0 Be7 10. e4 b4 11. Na4 Nxe4 12. Re1 c5 13. d5 exd5 14. Bxd5 Bxd5 15. Qxd5 Nef6 16. Qd6 Kf8 17. Qg3 Nb6 18. Nxb6 axb6 19. Ne5 Bd6 20. Qf3 Bxe5 21. Rxe5 Ra7 22. Bg5 h6 23. Bh4 g5 24. Bg3 Kg7 25. Rf5 Re8 26. Be5 Re6 27. h4 gxh4 28. Rd1 Qe7 29. Qf4 Kg6 30. Bxf6 Rxf6 31. Rxf6+ Qxf6 32. Rd6 Qxd6 33. Qxd6+ f6 34. Qd3+ Kg7 35. Qd5 Ra5 36. Qc4 Ra7 37. Kh2 Kg6 38. Kh3 f5 39. Kxh4 Re7 40. Qg8+ Kf6 41. f4 Re2 42. Qf8+ Kg6 43. Qg8+ Kf6 44. Kh3 Re3+ 45. g3 Re6 46. Qc8 Ke7 47. Qc7+ Ke8 48. Qh7 Kd8 49. Qxf5 Ke7 50. Qh7+ Kd6 51. Qd3+ Kc6 52. f5 Rd6 53. Qf3+ Kd7 54. Kg4 Ke7 55. Kh5 Kf6 56. Qf4 Rd4 57. Qxh6+ Kxf5 58. Qh7+ Kf6 59. g4 Rd1 60. Qf5+ Kg7 61. Qe5+ Kh7 62. Kg5 Rd7 63. Qe6 Rg7+ 64. Kh5 Kh8 65. g5 Rh7+ 66. Kg4 Kg7 67. Qxb6 Rh8 68. Qxc5 b3 69. axb3 Rf8 70. Qxf8+ Kxf8 71. b4 Ke7 72. b5 Kd6 73. g6 Kc5 74. g7 Kb4 75. g8Q Ka4 76. b6 1-0

[Event "Titled Tuesday intern op 1st Jan"]
[Site "Chess.com INT"]
[Date "2019.01.01"]
[Round "5"]
[White "Schwabeneder, Florian"]
[Black "Moura, Yago Santiago"]
[Result "1-0"]
[WhiteElo "2458"]
[BlackElo "2074"]
[PlyCount "39"]
[EventDate "2019.01.01"]
[EventType "swiss (blitz)"]
[EventRounds "10"]
[EventCountry "USA"]
[SourceTitle "EXT 2021"]
[Source "ChessBase"]
[SourceDate "2020.10.23"]
[SourceVersion "1"]
[SourceVersionDate "2020.10.23"]
[SourceQuality "1"]

1. e4 e6 2. d3 d5 3. Qe2 Nf6 4. Nf3 dxe4 5. dxe4 b6 6. c4 Nc6 7. Nc3 Bb4 8. Bd2 Nd7 9. 0-0-0 a5 10. a3 Be7 11. Be3 Ba6 12. Qc2 Qc8 13. Be2 Nc5 14. Nd4 Nxd4 15. Bxd4 c6 16. Bxg7 Rg8 17. Bd4 Qb7 18. e5 b5 19. cxb5 cxb5 20. Bf3 1-0

[Event "BRA-ch sf"]
[Site "Recife"]
[Date "2010.11.01"]
[Round "5"]
[White "Moura, Yago Santiago"]
[Black "Barata, Adriano Albiani"]
[Result "0-1"]
[WhiteElo "2252"]
[BlackElo "2206"]
[PlyCount "132"]
[EventDate "2010.10.30"]
[EventType "swiss"]
[EventRounds "7"]
[EventCountry "BRA"]
[SourceTitle "EXT 2011"]
[Source "ChessBase"]
[SourceDate "2010.11.26"]
[SourceVersion "1"]
[SourceVersionDate "2010.11.26"]
[SourceQuality "1"]

1. Nf3 c5 2. e4 a6 3. Nc3 e6 4. d4 cxd4 5. Nxd4 Qc7 6. Be3 Bb4 7. Qd2 Nf6 8. f3 d5 9. Bd3 e5 10. Nde2 d4 11. Nxd4 exd4 12. Bxd4 Nbd7 13. 0-0-0 0-0 14. Kb1 Bc5 15. Bxf6 Nxf6 16. Qg5 h6 17. Qh4 Be6 18. g4 Be7 19. Qg3 Bd6 20. Qg2 Be5 21. Ne2 Qa5 22. a3 Qb6 23. c3 Rac8 24. Ka1 Qb3 25. Bb1 Rfd8 26. Rxd8+ Rxd8 27. Nc1 Qa4 28. Bc2 Qa5 29. Kb1 Qb6 30. Na2 Qe3 31. Rd1 Rxd1+ 32. Bxd1 Qe1 33. Qe2 Qxe2 34. Bxe2 Bxa2+ 35. Kxa2 Bxh2 36. c4 Kf8 37. b4 Ke7 38. c5 Kd7 39. Bc4 Ke7 40. Kb3 Nd7 41. Bd5 b5 42. Bb7 Nb8 43. a4 Kd7 44. Bd5 f6 45. Bb7 Kc7 46. Bd5 Be5 47. axb5 axb5 48. Bf7 Nc6 49. Be8 Nd4+ 50. Ka3 Kb7 51. Bd7 Ka6 52. Bc8+ Ka7 53. Bd7 Kb7 54. Be8 Kc7 55. Bxb5 Nxb5+ 56. Kb3 Kc6 57. Kc4 Bg3 58. Kd3 Be1 59. Kc4 Bd2 60. Kb3 g6 61. Kc4 h5 62. gxh5 gxh5 63. Kd3 Bxb4 64. f4 Bxc5 65. Ke2 Nc3+ 66. Kf3 Kd6 0-1